NHL Cities Quiz - Statistics

General Stats
  • This quiz has been taken 291 times
  • The average score is 22 of 29
Answer Stats
Team Name Answer % Correct
Bruins Boston
99%
Canadiens Montreal
98%
Maple Leafs Toronto
98%
Blackhawks Chicago
96%
Senators Ottawa
92%
Canucks Vancouver
87%
Oilers Edmonton
86%
Rangers New York
86%
Islanders New York
86%
Flames Calgary
85%
Stars Dallas
85%
Red Wings Detroit
81%
Kings Los Angeles
81%
Predators Nashville
81%
Blues St Louis
81%
Jets Winnipeg
81%
Lightning Tampa Bay
79%
Ducks Anaheim
78%
Sharks San Jose
78%
Sabres Buffalo
75%
Blue Jackets Columbus
70%
Penguins Pittsburgh
70%
Avalanche Denver
66%
Flyers Philadelphia
66%
Coyotes Phoenix
59%
Hurricanes Raleigh
47%
Wild St Paul
45%
Devils Newark
38%
Panthers Sunrise
25%
No matching quizzes found
Score Distribution
Percent of People with Each Score
Percentile by Number Answered
Your Score History
You have not taken this quiz